La ruta de don Quijote

Guardado en:
Bibliografiske detaljer
Hovedforfatter: Azorín, Antonio
Format: Bog
Sprog:Undetermined
Udgivet: Buenos Aires, Argentina Losada 1964
Udgivelse:6
Fag:
Tags: Tilføj Tag
Ingen Tags, Vær først til at tagge denne postø!

MARC

LEADER 00000nam a2200000Ia 4500
008 170316s9999 xx 000 0 und d
040 |a cru BVZT 
090 |a 862 A-52ru 
100 |a Azorín, Antonio 
245 |a La ruta de don Quijote 
250 |a 6 
260 |a Buenos Aires, Argentina 
260 |b Losada 
260 |c 1964 
300 |a 140 páginas 
650 |a LITERATURA ESPAÑOLA 
999 |c 9476  |d 9476 
942 |c 15 D  |h 862 A-52ru  |2 z